1186 1634 1335 1260 1631 1092 1348 1705 1361 1616 1336 1552 1660 1263 1608 1896 1287 1404 1796 1728 1462 1255 1997 1675 1706 1832 1670 1661 1770 1852 1780 1172 1276 1690 1240 1499 1238 1513 1715 1593 1478 1462 1809 1478 1047 1958 1077 1895 1707 1426 1003 1650 1680 1478 1350 1815 1496 1977 1399 1884 1784 1274 1971 1215 1755 1624 1567 1000 1437 1641 1550 1616 1732 1351 1046 1579 1076 1692 1022 1725 1549 1535 1623 1363 1015 1847 1459 1611 1054 1323 1197 1932 1754 1320 1531 1553 1393 1196 1624 BCNSPRNW ULIB Ver.6.0+V

เปลี่ยนเป็นภาษาไทย

Change to English
 แสดงรายละเอียดบรรณานุกรม
  กลับหน้าหลัก

Brief Record : Get Marc (ISO 2709) : E-mail record : QR code < ปิดหน้าต่าง
LEADER : 00000nam 2200000uu 4500
001    13399128476
003     ULIB
008    230830s2018||||th 000 0 tha d
020    ^a9781108553094 (pbk.)
050  4 ^aPE1128^bC178
245 00 ^aCambridge English official IELTS 13 academic with answers:^bauthentic examination papers /^c[Cambridge UniversityPress]
246 30 ^aIELTS 13 academic with answers :^bauthentic examinationpapers
250    ^a1 st ed.
260    ^a[Cambridge] :^bCambridge University Press,^c2018
300    ^a140 p. :^bill. ;^c25 cm.
650  0 ^aInternational English Language Testing System^vStudyguides
650  0 ^aEnglish language^vTextbooks for foreign speakers
650  0 ^aEnglish language^xStudy and teaching
650  0 ^aEnglish language^xExaminations^vStudy guides
650  0 ^aEnglish language^vProblems, exercises, etc.
653    ^aIELTS
945    ^p1259^l0^i010220
999    ^aประนอม เกษจรัล
รายการนี้ยังไม่มีแท็ก
คุณยังไม่ได้ล็อกอิน คุณสามารถมีกิจกรรมร่วมกับเว็บไซต์ได้ แต่ต้องล็อกอินก่อน ::
  ล็อกอิน

รายการสื่อสารสนเทศ

ลำดับที่ ประเภท เลขเรียก/บาร์โค้ด สถานที่ สถานะ
1. การศึกษาทั่วไป
หนังสือสำรอง
สถานะ=หนังสือสำรอง
PE1128 C178 ฉ.1 
  Barcode: 010220
ห้องสมุดวิทยาเขตสวรรค์ประชารักษ์
►หนังสือทั่วไป
ถูกยืม กำหนดส่งวันที่ 30 มกราคม 2569
  จอง

BibComment


ยังไม่เคยถูกคอมเมนท์

คอมเมนท์ทรัพยากรรายการนี้
  คอมเมนท์: Cambridge Englis..


 Copyright 2026. Bcnsprnw @Library